|
|
|
|
| LEADER |
01025nam#a22002775a#4500 |
| 001 |
018843 |
| 005 |
20160721154610.0 |
| 008 |
070625s2005####ag#####f#b####000#0#spa#d |
| 082 |
0 |
4 |
|a 306.461
|2 21
|
| 100 |
1 |
|
|a Carbajal, Mariana
|
| 245 |
0 |
2 |
|a Salud y medios de comunicación
|c Mariana Carbajal, Valeria Román; compiladora Bárbara Lignelli.
|
| 260 |
|
|
|a Buenos Aires :
|b Centro de Estudios de Estado y Sociedad,
|c 2005.
|
| 300 |
|
|
|a 10 p. ;
|c 21 cm.
|
| 490 |
0 |
|
|a Seminarios de Salud y Política Pública.
|v Seminario I
|
| 500 |
|
|
|a Con el auspicio de la Organización Panamericana de la Salud.
|
| 650 |
|
7 |
|a Medios de comunicación de masas
|2 Spines
|
| 650 |
|
7 |
|a Salud
|2 Spines
|
| 650 |
|
7 |
|a Información de acceso público
|2 toit
|
| 650 |
|
7 |
|a Divulgación científica
|
| 653 |
|
|
|a Políticas públicas
|
| 653 |
|
|
|a Periodismo
|
| 700 |
1 |
|
|a Román, Valeria
|
| 700 |
1 |
|
|a Lignelli, Bárbara
|e comp
|4 com
|
| 929 |
|
|
|a DONACION
|b CEDES
|d 0
|e 20060608
|f PAT0019560
|g 426Exp. 827-0387/98
|j 40440
|
| 942 |
|
|
|c LIB
|n 0
|
| 999 |
|
|
|c 18816
|d 94203
|